Statistical quality control : (Record no. 11022)
[ view plain ]
| 000 -LEADER | |
|---|---|
| fixed length control field | 01174cam a22002651 4500 |
| 001 - CONTROL NUMBER | |
| control field | 6507270 |
| 005 - DATE AND TIME OF LATEST TRANSACTION | |
| control field | 20050827175605.0 |
| 008 - FIXED-LENGTH DATA ELEMENTS--GENERAL INFORMATION | |
| fixed length control field | 760506s1953 ilua 000 0 eng |
| 020 ## - INTERNATIONAL STANDARD BOOK NUMBER | |
| International Standard Book Number | 9780470233979 |
| 035 ## - SYSTEM CONTROL NUMBER | |
| System control number | (OCoLC)2160942 |
| 040 ## - CATALOGING SOURCE | |
| Original cataloging agency | DLC |
| Transcribing agency | OClU |
| Modifying agency | DLC |
| 042 ## - AUTHENTICATION CODE | |
| Authentication code | premarc |
| 050 00 - LIBRARY OF CONGRESS CALL NUMBER | |
| Classification number | TS235 |
| Item number | .A5 |
| 082 ## - DEWEY DECIMAL CLASSIFICATION NUMBER | |
| Classification number | 671.2 |
| Item number | STA |
| 110 2# - MAIN ENTRY--CORPORATE NAME | |
| Corporate name or jurisdiction name as entry element | American Foundrymen's Society. |
| 245 10 - TITLE STATEMENT | |
| Title | Statistical quality control : |
| Remainder of title | A Modern introduction / |
| Statement of responsibility, etc | Douglas C. Montgomery. |
| 250 ## - EDITION STATEMENT | |
| Edition statement | 6th ed. |
| Remainder of edition statement | International student ed. |
| 260 ## - PUBLICATION, DISTRIBUTION, ETC. (IMPRINT) | |
| Place of publication, distribution, etc | [ Asia]: |
| Date of publication, distribution, etc | c.2009. |
| Name of publisher, distributor, etc | Wiley, |
| 300 ## - PHYSICAL DESCRIPTION | |
| Extent | 739 p. |
| Other physical details | illus. |
| Dimensions | 24cm. |
| 650 #0 - SUBJECT ADDED ENTRY--TOPICAL TERM | |
| Topical term or geographic name as entry element | Foundries |
| General subdivision | Quality control |
| 942 ## - ADDED ENTRY ELEMENTS (KOHA) | |
| Source of classification or shelving scheme | Dewey Decimal Classification |
| Item type | Book - Borrowing |
| Withdrawn status | Item status | Source of classification or shelving scheme | Damaged status | Not for loan | Vendor | Home library | Current library | Shelving location | Date acquired | Source of acquisition | Total Checkouts | Total Renewals | Full call number | Barcode | Date last seen | Date last borrowed | Koha item type |
|---|---|---|---|---|---|---|---|---|---|---|---|---|---|---|---|---|---|
| Dewey Decimal Classification | Baccah | Central Library | Central Library | First floor | 08/03/2009 | 2 | 3 | 671.2 STA | 000015287 | 15/07/2025 | 16/08/2010 | Book - Borrowing | |||||
| Dewey Decimal Classification | Baccah | Central Library | Central Library | First floor | 08/03/2009 | 2 | 1 | 671.2 STA | 000015288 | 15/07/2025 | 27/04/2010 | Book - Borrowing | |||||
| Dewey Decimal Classification | Baccah | Central Library | Central Library | First floor | 08/03/2009 | 671.2 STA | 000015320 | 15/07/2025 | NB - Book (Non borrowing) |